00293nam a2200121Ia 4500008004100000082001100041245002800052250000600080260002200086300000700108630002800115730002800143090124s9999 xx 000 0 und d b206815 aTHE MOON HAS TWO FACES  a1 bMOHAN KUMARc2004 a86 aTHE MOON HAS TWO FACES  aTHE MOON HAS TWO FACES